[Event "NEP-ch Seniors 5th"]
[Site "Kathmandu"]
[Date "2022.11.06"]
[Round "5"]
[White "Chhetri, Ram Bahadur"]
[Black "Joshi, Deergha Raj"]
[Result "1-0"]
[WhiteElo "1825"]
[BlackElo "1726"]
[PlyCount "198"]
[EventDate "2022.11.05"]
[EventType "swiss"]
[EventRounds "7"]
[EventCountry "NEP"]
[SourceTitle "CBM 211 Extra"]
[Source "ChessBase"]
[SourceDate "2023.01.31"]
[SourceVersion "1"]
[SourceVersionDate "2023.01.31"]
[SourceQuality "1"]

1. d4 d5 2. Nf3 Nf6 3. c4 e6 4. Nc3 Be7 5. e3 0-0 6. Bd3 a6 7. cxd5 exd5 8. h3 b5 9. a3 Bb7 10. 0-0 Nbd7 11. Bd2 Re8 12. b4 Bd6 13. Rc1 Nb6 14. Rc2 Rc8 15. Bc1 Ne4 16. Nb1 Nc4 17. Nfd2 Nexd2 18. Nxd2 Nxd2 19. Qxd2 Qe7 20. Qe2 g6 21. Qg4 Rcd8 22. f4 Bc8 23. Qf3 Bb7 24. Re2 f5 25. Qg3 Qf7 26. h4 Kh8 27. Qf3 Be7 28. g3 h5 29. Rc2 Bd6 30. Rc3 Kg8 31. Rf2 Re7 32. Rfc2 Kg7 33. Bd2 Kf8 34. Rc1 Kg7 35. Bb1 Kf8 36. Kh2 Kg7 37. Ba2 Re4 38. Bb1 Re7 39. Bd3 Kg8 40. Re1 Kf8 41. Rcc1 Kg7 42. Qd1 Kf8 43. a4 c6 44. Qc2 Rc7 45. Qb3 Qd7 46. Bb1 Kg7 47. Rc2 Be7 48. Rec1 Rdc8 49. Ra2 Qd8 50. Kh3 Qd7 51. Bd3 Bd6 52. Rcc2 Be7 53. Bc1 Bd6 54. Re2 Be7 55. Bb1 Qd6 56. Bd2 Qd7 57. Rc2 Bd6 58. Kh2 Be7 59. Ba2 Qd8 60. Be1 Bd6 61. axb5 cxb5 62. Rxc7+ Rxc7 63. Rc2 Rxc2+ 64. Qxc2 Qc7 65. Qd2 Bc6 66. Bb3 Bb7 67. Bf2 Qc6 68. Be1 Qc7 69. Qb2 Qe7 70. Qd2 Qc7 71. Kg2 Be7 72. Kf2 Qd8 73. Kf3 Qd6 74. Qa2 Qe6 75. Bc2 Qc6 76. Bb3 Bd6 77. Bd2 Be7 78. Kg2 Bd6 79. Qb2 Be7 80. Kh2 Bd6 81. Ba2 Be7 82. Bb1 Bd6 83. Bd3 Bc8 84. e4 fxe4 85. Bxe4 Be7 86. Bd3 Kf7 87. Be3 Qe6 88. Bf2 Bxh4 89. f5 Qd6 90. fxg6+ Kg7 91. Qe2 Bg4 92. Qe8 Qe7 93. Qa8 Qd6 94. Qe8 Qe7 95. Qc6 Bf6 96. Qxd5 Be6 97. Qxh5 Kf8 98. d5 Bg8 99. Bc5 Ke8 1-0

[Event "Olympiad-40"]
[Site "Istanbul"]
[Date "2012.09.04"]
[Round "7.4"]
[White "Ladva, Ottomar"]
[Black "Joshi, Deergha Raj"]
[Result "1-0"]
[WhiteElo "2153"]
[BlackElo "1897"]
[PlyCount "99"]
[EventDate "2012.08.28"]
[EventType "team-swiss"]
[EventRounds "11"]
[EventCountry "TUR"]
[SourceTitle "CBM 151"]
[Source "ChessBase"]
[SourceDate "2012.11.13"]
[SourceVersion "1"]
[SourceVersionDate "2012.11.13"]
[SourceQuality "1"]
[WhiteTeam "Estonia"]
[BlackTeam "Nepal"]
[WhiteTeamCountry "EST"]
[BlackTeamCountry "NEP"]

1. e4 c6 2. d4 d5 3. exd5 cxd5 4. c4 Nf6 5. Nc3 e6 6. Nf3 Be7 7. c5 0-0 8. b4 Ne4 9. Qc2 f5 10. Bd3 Nc6 11. a3 Bf6 12. Ne2 a6 13. 0-0 g5 14. Bb2 Bd7 15. Ne5 Bg7 16. f3 Nf6 17. Qd2 Nxe5 18. dxe5 Ne8 19. a4 Nc7 20. f4 h6 21. Bd4 Qe8 22. fxg5 hxg5 23. Qxg5 Bxa4 24. Nf4 Bb5 25. Nh5 Qxh5 26. Qxh5 Bxd3 27. Rfd1 Be4 28. c6 bxc6 29. Rac1 f4 30. Rxc6 Nb5 31. Rxe6 f3 32. Bc5 Rf5 33. Re8+ Rxe8 34. Qxe8+ Kh7 35. gxf3 Bxf3 36. Rf1 Rg5+ 37. Kf2 Bh5 38. Qd7 Nc3 39. Bf8 Bg4 40. Qxg7+ Rxg7 41. Bxg7 d4 42. e6 Ne4+ 43. Kg1 d3 44. e7 Bd7 45. Bd4 Ba4 46. Be3 Kg6 47. Rf8 Nf6 48. Kf2 Bb5 49. Ke1 Kf5 50. Bd4 1-0

[Event "New Delhi Parsvnath op 6th"]
[Site "New Delhi"]
[Date "2008.01.19"]
[Round "9"]
[White "Joshi, Deergha Raj"]
[Black "Joshi, GB."]
[Result "0-1"]
[WhiteElo "2071"]
[BlackElo "2246"]
[PlyCount "72"]
[EventDate "2008.01.13"]
[EventType "swiss"]
[EventRounds "10"]
[EventCountry "IND"]
[SourceTitle "CBM 122 Extra"]
[Source "ChessBase"]
[SourceDate "2008.03.04"]
[SourceVersion "1"]
[SourceVersionDate "2008.03.04"]
[SourceQuality "1"]

1. e4 c5 2. Nf3 e6 3. d4 cxd4 4. Nxd4 a6 5. a3 Nf6 6. Nc3 Qc7 7. Be2 b5 8. Bf3 Bb7 9. 0-0 d6 10. g3 Be7 11. Bd2 Nbd7 12. Bg2 Ne5 13. b3 Rc8 14. Nde2 0-0 15. h3 Rfd8 16. f4 Ng6 17. Be3 d5 18. exd5 Nxd5 19. Nxd5 Bxd5 20. Bxd5 Rxd5 21. Nd4 Rcd8 22. Qd2 Rxd4 23. Bxd4 Rxd4 24. Qg2 Bc5 25. Kh1 Qd6 26. b4 Bb6 27. Rae1 h6 28. f5 exf5 29. Rxf5 f6 30. h4 Rd2 31. Qf3 Nxh4 32. Qa8+ Kh7 33. Rf4 Ng6 34. Rg4 f5 35. Rxg6 Qxg6 36. Qf3 Rf2 0-1

[Event "New Delhi Parsvnath op 6th"]
[Site "New Delhi"]
[Date "2008.01.15"]
[Round "4"]
[White "Sachdev, Tania"]
[Black "Joshi, Deergha Raj"]
[Result "1-0"]
[WhiteElo "2417"]
[BlackElo "2071"]
[PlyCount "63"]
[EventDate "2008.01.13"]
[EventType "swiss"]
[EventRounds "10"]
[EventCountry "IND"]
[SourceTitle "CBM 122 Extra"]
[Source "ChessBase"]
[SourceDate "2008.03.04"]
[SourceVersion "1"]
[SourceVersionDate "2008.03.04"]
[SourceQuality "1"]

1. d4 d5 2. c4 c6 3. Nf3 Nd7 4. e3 e6 5. Nc3 Ngf6 6. Qc2 Bd6 7. Bd3 h6 8. 0-0 0-0 9. e4 dxe4 10. Nxe4 Nxe4 11. Bxe4 Nf6 12. Bd3 c5 13. dxc5 Bxc5 14. b3 b6 15. Bb2 Bb7 16. Rad1 Qe7 17. Qe2 Rfd8 18. Ne5 Rd6 19. Kh1 Rad8 20. Rde1 Qc7 21. f3 Bd4 22. Ba3 Bc5 23. b4 Bd4 24. Rc1 Qc8 25. Bb1 Nh5 26. Nd3 Qb8 27. c5 bxc5 28. bxc5 Ra6 29. Bb4 Rd5 30. f4 Rf5 31. Bd2 Qd8 32. Nb4 1-0